000 003990000a22001690004500
005 20120302053404.0
942 _cBOOK
245 _a Dialectical materialism
260 _aMoscow:Progress Publishers,1983
300 _a343p
040 _aENG
365 _bRs.
650 _aPolitics
650 _aDialectical Materialism
650 _aPhylosophy-Methodology
650 _aPhilosophical Thought
999 _c342732
_d342729